LIBRARY & INFORMATION CENTRE, KCAET, TAVANUR

ONLINE PUBLIC ACCESS CATALOGUE (OPAC)

Course in power plant engineering with introduction to green house effect / (Record no. 1385)

MARC details
000 -LEADER
fixed length control field 00521cam a2200181ua 4500
041 ## - LANGUAGE CODE
Language code of text/sound track or separate title eng
082 ## - DEWEY DECIMAL CLASSIFICATION NUMBER
Classification number 621.4
Item number ARO/CO
100 ## - MAIN ENTRY--AUTHOR NAME
Personal name Arora, S C .
245 ## - TITLE STATEMENT
Title Course in power plant engineering with introduction to green house effect /
260 ## - PUBLICATION, DISTRIBUTION, ETC. (IMPRINT)
Place of publication New Delhi :
Name of publisher Dhanpat Rai Publishing Co. Pvt. Ltd. ,
Year of publication 2000.
300 ## - PHYSICAL DESCRIPTION
Number of Pages 1088 ; .
700 1# - ADDED ENTRY--PERSONAL NAME
Personal name Dhomkundwar, S .
942 ## - ADDED ENTRY ELEMENTS (KOHA)
Koha item type Books
Holdings
Withdrawn status Lost status Damaged status Home library Current library Date acquired Full call number Accession Number Koha item type
      KAUAET KAUAET 07/04/2012 621.4 20484 Books
free website counter